Què és la ciència del sòl? / per Antoni Oriol i Anguera ... i Josep Valle i Arribas
Descripción Física:
128 p. : il. ; 20 cm
Colección:
Biblioteca del Pagès; secció II, volum I
Materias:
Sòls -- Composició
MARC
| LEADER | 00000nam a2200000Ia 4500 | ||
|---|---|---|---|
| 001 | 8164 | ||
| 008 | 160829s1938 xx 000 0 cat d | ||
| 080 | |a C-1-349 | ||
| 100 | |a Oriol Anguera, A. |9 42535 | ||
| 245 | |a Què és la ciència del sòl? / per Antoni Oriol i Anguera ... i Josep Valle i Arribas | ||
| 260 | |a Barcelona : |b Generalitat de Catalunya. Direcció General d' Agricultura, |c 1938 | ||
| 300 | |a 128 p. : |b il. ; |c 20 cm | ||
| 490 | |a Biblioteca del Pagès; secció II, volum I | ||
| 650 | |a Sòls |x Composició |9 39293 | ||
| 700 | |a Valle Arribas, José |9 35108 | ||
| 700 | |a Catalunya. Direcció General d'Agricultura |9 26874 | ||
| 901 | |a Arxiu | ||
| 942 | |n 1 | ||
| 952 | |0 0 |1 0 |4 0 |6 C1349 |7 1 |9 48920 |a Arxiu |b Arxiu |d 2016-12-01 |l 0 |o C-1-349 |p 8164 |r 2016-12-01 00:00:00 |w 2016-12-01 |y ARXIU | ||
| 999 | |c 52755 |d 52755 | ||